Decision models for industrial systems engineers and managers
Salvato in:
| Autore principale: | |
|---|---|
| Altri autori: | |
| Natura: | Libro |
| Lingua: | inglese |
| Pubblicazione: |
Bangkok
Asian Institute of Technology
1981
|
| Tags: |
Nessun Tag, puoi essere il primo ad aggiungerne!!
|
MARC
| LEADER | 00000nam a2200000 4500 | ||
|---|---|---|---|
| 001 | c133514 | ||
| 005 | 20041019155258.4 | ||
| 041 | 0 | |a eng | |
| 044 | |a TH | ||
| 245 | 1 | 0 | |a Decision models for industrial systems engineers and managers |c Edited by Adulbhan Pakorn, Mario T. Tabucanon |
| 264 | 1 | |a Bangkok |b Asian Institute of Technology |c 1981 | |
| 300 | |a 461 s. | ||
| 100 | 1 | |a Pakorn, Adulbhan | |
| 700 | 1 | |a Tabucanon, Mario T. | |